Zavedenie novej technológie a jej ekonomické prínosy vo vybranej firme

Plánovanie stratégie firiem a akceptácia ochrany životného prostredia. Implementácia technológií, ktoré sú ekologicky vhodné. Priemyselné firmy a vypúšťanie chlórorganických látok. Prístup spoločnosti k riešeniu problémov z hľadiska ochrany životného prostredia.

Saved in:
Bibliographic Details
Main Author: Krištanová, Anna
Format: Book Chapter
Language:Slovak
Subjects:
Tags: Add Tag
No Tags, Be the first to tag this record!

MARC

LEADER 00000nla$a2200000$$$4500
001 0122219
005 20240502072401.5
041 0 |a slo 
044 |a SK 
245 1 0 |a Zavedenie novej technológie a jej ekonomické prínosy vo vybranej firme  |c Anna Krištanová 
520 |a Plánovanie stratégie firiem a akceptácia ochrany životného prostredia. Implementácia technológií, ktoré sú ekologicky vhodné. Priemyselné firmy a vypúšťanie chlórorganických látok. Prístup spoločnosti k riešeniu problémov z hľadiska ochrany životného prostredia. 
610 2 0 |a výroba 
610 2 0 |a priemysel papiernický 
610 2 0 |a celulóza 
610 2 0 |a chémia organická 
610 2 0 |a výroba ekologická 
610 2 0 |a technológie nové 
610 2 0 |a ekologizácia 
610 2 0 |a znečistenie vôd 
610 2 0 |a zodpovednosť spoločenská 
100 1 |a Krištanová, Anna